|
|
|
|
| LEADER |
00662cam a2200193 4500 |
| 008 |
720717s1971 ii 000 0 eng |
| 010 |
|
|
|a 75927023
|
| 043 |
|
|
|a a-ii---
|
| 082 |
0 |
0 |
|a 370.954
|
| 100 |
1 |
|
|a Mathur, Vishwanath Sahai.
|
| 245 |
1 |
0 |
|a Revitalising Indian education/
|c by V. S. Mathur.
|
| 260 |
|
|
|a Ambala Cantt.:
|b Indian Publications,
|c [1971]
|
| 300 |
|
|
|a ii, 93 p.
|c 19 cm.
|
| 350 |
|
|
|a Rs8.00
|
| 650 |
|
0 |
|a Education
|z India.
|
| 906 |
|
|
|a 7
|b cbc
|c orignew
|d 4
|e ncip
|f 19
|g y-gencatlg
|
| 942 |
|
|
|c BK
|
| 999 |
|
|
|c 180587
|d 180587
|
| 952 |
|
|
|0 0
|1 0
|2 ddc
|4 0
|6 370_954000000000000_MAT_R
|7 0
|9 199879
|a EDU
|b EDU
|c ST1
|d 2010-10-20
|i 2039
|o 370.954 MAT/R
|p EDU2039
|r 2018-08-29
|y BK
|